| 000 | 00730nam a2200313Ia 4500 | ||
|---|---|---|---|
| 008 | 161027s9999||||xx |||||||||||||| ||und|| | ||
| 040 | _cHindi | ||
| 082 | _aX.B | ||
| 082 | _bBORI-29166 | ||
| 100 | _aAjitsagarji Maharaj | ||
| 245 | _aSamyaktva-Kaumudi | ||
| 245 | _bDr. Pandit Pannalalji | ||
| 260 | _aSagar | ||
| 260 | _bLadmal Jain | ||
| 260 | _c1975 | ||
| 300 | _a241 | ||
| 300 | _cB | ||
| 300 | _eHardbound | ||
| 530 | _b"Joshi,Hanmant,G" | ||
| 530 | _u000082633.Pdf. | ||
| 563 | _aText | ||
| 600 | _aAjitsagarji Maharaj | ||
| 630 | _aSamyaktva-Kaumudi | ||
| 650 | _aBuddhism & Jainism | ||
| 650 | _aJainism | ||
| 700 | _aAjitsagarji Maharaj | ||
| 730 | _aSamyaktva-Kaumudi | ||
| 942 | _cBOOK | ||
| 999 |
_c1401236 _d1401233 |
||